000 00214 a2200097 4500
001 57585
100 _a
245 _aIslam and Christianity
260 _aLahore
_bMinhaj ul Quran
_c
090 _c35320
_d35320
942 _aNUST-CAE
_cMONOGRAPH
_c28137
999 _c292658
_d292658